000 00380nam a22001337a 4500
008 131218b xxu||||| |||| 00| 0 eng d
050 _aBT160.S436 2012
100 _aScruton, Roger
_95871
245 _aThe Face of God
_cRoger Scruton
260 _aLondon
_bContinuum
_c2012
300 _ax, 186p. ;
_c24cm.
650 _aTheology
_xGoal
_xPhilosophy
_95872
942 _2lcc
_cMONOGRAPH
999 _c119322
_d119322